| 000 | 00516nam a22001937a 4500 | ||
|---|---|---|---|
| 003 | OSt | ||
| 005 | 20140310181911.0 | ||
| 008 | 130712t xxu||||| |||| 00| 0 eng d | ||
| 020 | _a9780800759490 | ||
| 050 |
_aBT 846.3 _b.P665 2004 |
||
| 082 |
_aTR 231.7 _bP66 2004 |
||
| 245 |
_a90 Minutes in heaven : _ba true story of death & life / _cDon Piper |
||
| 260 |
_aMichigan : _bRevell, _cc2004. |
||
| 300 |
_a206 p. _c22 cm. |
||
| 521 | _aFaculty | ||
| 541 | _j1 | ||
| 562 | _e1 | ||
| 942 |
_2lcc _cBK-TR _kTR |
||
| 999 |
_c6523 _d6523 |
||